[Event "4NCL/Div3/WGR3 vs. ATH"]
[Site "West Bromwich ENG"]
[Date "2004.05.31"]
[Round "9.7"]
[White "Cutmore, David A"]
[Black "Gostelow, David W"]
[Result "1/2-1/2"]
[WhiteElo "2102"]
[BlackElo "1976"]
[PlyCount "48"]
[EventDate "2004.05.31"]

1. d4 d5 2. c4 c6 3. Nc3 Nf6 4. Bg5 e6 5. e4 dxe4 6. Nxe4 Bb4+ 7. Nc3 h6 8. Be3
O-O 9. Nf3 Nbd7 10. Qb3 c5 11. Be2 Qe7 12. O-O cxd4 13. Nxd4 Bxc3 14. Qxc3 Ne4
15. Qc2 f5 16. Rad1 Qf6 17. Nb5 b6 18. Bf3 Qe5 19. Rfe1 Ndf6 20. Qc1 Bb7 {=}
21. Bd4 Qb8 22. b3 e5 23. Bb2 a6 24. Nc3 Nxc3 1/2-1/2

[Event "4NCL/Div3/WGR3 vs. ATH"]
[Site "West Bromwich ENG"]
[Date "2004.05.31"]
[Round "9.8"]
[White "Wu, Claire"]
[Black "Kikoyo, Ali"]
[Result "0-1"]
[WhiteElo "1296"]
[BlackElo "1768"]
[PlyCount "74"]
[EventDate "2004.05.31"]

1. c4 e5 2. Nc3 Nf6 3. d3 c6 4. g3 d5 5. cxd5 cxd5 6. Bg2 Bb4 7. Bd2 O-O 8. a3
Bc5 9. Nf3 Nc6 10. O-O h6 11. Rb1 a6 12. b4 Ba7 13. Bc1 Bg4 14. Bb2 e4 15. dxe4
dxe4 16. Ne1 e3 17. fxe3 Bxe3+ 18. Kh1 Qe7 19. Nc2 Rad8 20. Qe1 Ba7 21. Rf4 Bh5
22. Rc1 Ne5 23. Ne4 Nxe4 24. Rxe4 f6 25. Ne3 Bg6 26. Rxe5 fxe5 27. Ng4 Bd4 28.
Bxd4 exd4 29. Nf2 Qe3 30. Bf3 d3 31. exd3 Qxf3+ 32. Kg1 Rfe8 33. Qf1 Re2 34.
Re1 Rxe1 35. Qxe1 Re8 36. Qf1 Re2 37. a4 Qe3 0-1

[Event "4NCL/Div3/FCA vs. BRI2"]
[Site "West Bromwich ENG"]
[Date "2004.05.31"]
[Round "9.2"]
[White "Dilleigh, Stephen P"]
[Black "Smith, Graham M"]
[Result "1-0"]
[WhiteElo "2163"]
[BlackElo "2165"]
[PlyCount "79"]
[EventDate "2004.05.31"]

1. d4 d6 2. c4 e5 3. Nf3 e4 4. Ng5 f5 5. Nc3 c6 6. g3 Be7 7. Nh3 Na6 8. Bg2 Be6
9. d5 Bf7 10. f3 exf3 11. Bxf3 Qb6 12. Nf4 Nf6 13. dxc6 bxc6 14. Qa4 O-O 15.
Qxc6 Qxc6 16. Bxc6 Rab8 17. Bd5 Nb4 18. Bxf7+ Kxf7 19. O-O Bd8 20. Nd3 Bb6+ 21.
Kh1 Nc2 22. Rb1 Bd4 23. Nb5 Ke6 24. Bf4 Be5 25. Rfc1 Nd4 26. Nxe5 Rxb5 27. cxb5
dxe5 28. Be3 Nxb5 29. a4 Nd6 30. Bc5 Nfe4 31. b4 f4 32. Kg2 Rf6 33. Bxa7 Nd2
34. Rb2 f3+ 35. exf3 Nxf3 36. Bf2 e4 37. b5 Rh6 38. h3 g5 39. b6 g4 40. h4 1-0

[Event "4NCL/Div3/FCA vs. BRI2"]
[Site "West Bromwich ENG"]
[Date "2004.05.31"]
[Round "9.3"]
[White "Ioannides, Milton"]
[Black "Stock, Toby"]
[Result "1-0"]
[WhiteElo "2081"]
[BlackElo "2048"]
[PlyCount "65"]
[EventDate "2004.05.31"]

1. e4 c5 2. Nf3 d6 3. d4 Nf6 4. Nc3 cxd4 5. Nxd4 a6 6. Bg5 e6 7. f4 Be7 8. Qf3
Qa5 9. O-O-O Bd7 10. Kb1 Nc6 11. Nb3 Qc7 12. g4 h6 13. Bh4 g5 14. fxg5 Ne5 15.
Qg3 Nfxg4 16. gxh6 Bxh4 17. Qxh4 Rxh6 18. Qg5 Rg6 19. Qh4 Rh6 20. Qg3 O-O-O 21.
Be2 Rg6 22. h3 Nf6 23. Qf2 Nc4 24. Bxc4 Qxc4 25. Rxd6 Kb8 26. Rhd1 Rc8 27. e5
Ne4 28. Nxe4 Qxe4 29. Nc5 Rxc5 30. Qxc5 Bc8 31. Rd8 Qc6 32. Qd6+ Qc7 33. Rxc8+
1-0

[Event "4NCL/Div3/FCA vs. BRI2"]
[Site "West Bromwich ENG"]
[Date "2004.05.31"]
[Round "9.4"]
[White "Easton, Alex"]
[Black "Valentine, Brian J"]
[Result "1-0"]
[WhiteElo "2091"]
[BlackElo "2063"]
[PlyCount "85"]
[EventDate "2004.05.31"]

1. Nf3 Nf6 2. c4 g6 3. Nc3 Bg7 4. e4 d6 5. d4 O-O 6. Be2 e5 7. O-O Nc6 8. d5
Ne7 9. Nd2 Nd7 10. b4 f5 11. c5 Nf6 12. f3 f4 13. Nc4 Kh8 14. a4 Neg8 15. Ba3
Ne8 16. b5 h5 17. a5 Rf6 18. b6 a6 19. bxc7 Qxc7 20. cxd6 Nxd6 21. Bxd6 Rxd6
22. Nxd6 Qxd6 23. Na4 Nf6 24. Nb6 Rb8 25. Rc1 Bd7 26. Qc2 g5 27. Qc7 Bf8 28.
Kh1 Be8 29. Qxd6 Bxd6 30. Nc4 Bb4 31. Rb1 Bc3 32. Rfc1 Bd4 33. Nd6 Bg6 34. Rc7
b5 35. axb6 Rxb6 36. Rxb6 Bxb6 37. Rc6 Bf2 38. Rxa6 g4 39. Nc4 gxf3 40. gxf3
Kg7 41. Nxe5 Bh7 42. d6 Bd4 43. d7 1-0

[Event "4NCL/Div3/FCA vs. BRI2"]
[Site "West Bromwich ENG"]
[Date "2004.05.31"]
[Round "9.5"]
[White "Elwin, Adrian G"]
[Black "Humphreys, Jerry"]
[Result "1/2-1/2"]
[WhiteElo "2066"]
[BlackElo "2088"]
[PlyCount "81"]
[EventDate "2004.05.31"]

1. Nf3 c5 2. c4 Nc6 3. Nc3 g6 4. e3 Nf6 5. d4 cxd4 6. exd4 d5 7. Ne5 Bg7 8. Be3
O-O 9. f4 e6 10. c5 Ne8 11. Nf3 Bd7 12. Be2 Qe7 13. a3 f6 14. O-O Kh8 15. b4 a6
16. Qd2 Nc7 17. Rae1 Rad8 18. Bd3 Qf7 19. Ne2 Qg8 20. Nh4 Ne7 21. h3 Bb5 22.
Bc2 e5 23. fxe5 fxe5 24. Bg5 Rxf1+ 25. Rxf1 Re8 26. dxe5 Bxe5 27. Rf2 Nc6 28.
Nf4 Qg7 29. Nfxg6+ hxg6 30. Nxg6+ Kg8 31. Bh6 Bc3 32. Qf4 Ne6 33. Bxg7 Nxf4 34.
Bxc3 Nxg6 35. Bxg6 Re3 36. Bd2 Rxa3 37. Bh6 Ra1+ 38. Kh2 Rf1 39. Rxf1 Bxf1 40.
g4 Nxb4 41. h4 1/2-1/2

[Event "4NCL/Div3/FCA vs. BRI2"]
[Site "West Bromwich ENG"]
[Date "2004.05.31"]
[Round "9.7"]
[White "Shaw, John S"]
[Black "Chaplin, Peter"]
[Result "0-1"]
[WhiteElo "1808"]
[BlackElo "2072"]
[PlyCount "64"]
[EventDate "2004.05.31"]

1. d4 Nf6 2. Nf3 d5 3. e3 c6 4. Bd3 Bg4 5. c4 dxc4 6. Bxc4 e6 7. Nc3 Bd6 8. e4
Bb4 9. Qd3 Nbd7 10. O-O b5 11. Bb3 Nc5 12. Qe3 Nxb3 13. axb3 Bxf3 14. gxf3 Qb6
15. Rd1 O-O 16. Qg5 Be7 17. e5 h6 18. Qg3 Nh5 19. Qg4 g6 20. Bxh6 Rfd8 21. Ne4
Rd5 22. Bg5 Bxg5 23. Nxg5 Rad8 24. Ne4 Rxd4 25. Re1 Qc7 26. Qg5 R8d5 27. f4 Qd8
28. Qxd8+ Rxd8 29. Rxa7 Nxf4 30. Nf6+ Kg7 31. f3 Rd2 32. Rc1 Ne2+ 0-1

[Event "4NCL/Div3/FCA vs. BRI2"]
[Site "West Bromwich ENG"]
[Date "2004.05.31"]
[Round "9.8"]
[White "Djabri, Kathy"]
[Black "Chidi, Sylvia"]
[Result "1-0"]
[WhiteElo "2042"]
[BlackElo "1656"]
[PlyCount "71"]
[EventDate "2004.05.31"]

1. e4 e6 2. d4 d6 3. Nf3 Be7 4. c4 c5 5. Nc3 cxd4 6. Nxd4 Nf6 7. Be2 O-O 8. O-O
Nc6 9. Be3 Bd7 10. Ndb5 Ne8 11. f4 a6 12. Na3 Nf6 13. Nc2 Qc7 14. Qe1 Ne8 15.
Qf2 f5 16. Bb6 Qc8 17. exf5 exf5 18. Ne3 Be6 19. Ned5 Bd8 20. Be3 Nf6 21. Bf3
Ne7 22. Nxf6+ Rxf6 23. Bd4 Rf7 24. b3 Nc6 25. Be3 Bf6 26. Rac1 Bxc3 27. Rxc3
Rd7 28. Rd1 Qf8 29. Bc1 Rad8 30. Ba3 Qf7 31. Rcd3 d5 32. cxd5 Bxd5 33. Qc5 Be6
34. Rxd7 Qf6 35. Rxd8+ Nxd8 36. Qe7 1-0